SMART PHONE DUMB PHONE : Free yourself from digital adiction

Bibliographic Details
Main Author: Carr, Allen (Author)
Other Authors: Dicey, John
Format: Book
Language:English
Published: London : ARCTURUS [2019]
Subjects:

MARC

LEADER 00000cam a2200000 7i4500
001 0000278476
005 20210428100840.0
006 a# ###gg# #######
007 tt
008 210428t enk# g## ##0engm#
020 |a 9781788280860 
040 |a MBPJ   |b eng   |c MBPJ   |e rda 
090 0 0 |a 616.8584   |b CAR 
100 1 |a Carr, Allen ,   |e author 
245 1 0 |a SMART PHONE DUMB PHONE :   |b Free yourself from digital adiction   |c ALLEN CARR with John Dicey 
264 0 |c ©2019 
264 1 |a London :   |b ARCTURUS   |c [2019] 
300 |a 255 pages ;   |c 21 cm. 
336 |a text  |2 rdacontent 
337 |a unmediated  |2 rdamedia 
338 |a volume  |2 rdacarrier 
504 |a Includes bibliographical references 
650 0 |a Internet addiction   |v Popular works 
650 0 |a Internet addiction   |x Prevention 
700 1 |a Dicey, John 
999 |a 00385702   |b BUKU   |c PINJAMAN   |e PERPUSTAKAAN KOMUNITI PETALING JAYA